| 000 | 00400nam a2200157Ia 4500 | ||
|---|---|---|---|
| 008 | 230711s9999||||xx |||||||||||||| ||und|| | ||
| 041 | _aENG | ||
| 082 |
_a624 _bPR-B |
||
| 100 | _aM.D.W. Pritchard | ||
| 245 | 0 | _aBuilding science and material 2 checkbook | |
| 250 | _a1st Ed. | ||
| 260 |
_c1981 _aNew York _bButterworth-Heinemann Ltd |
||
| 300 | _a110 | ||
| 650 | _aCivil Engineering | ||
| 942 | _cBK | ||
| 999 |
_c1652 _d1652 |
||